Úloha bankového a finančného sektora v procese zavedenia eura

Slovensko sa nachádza v intenzívnom procese prípravy na vstup do Eurozóny od 1. januára 2009. Proces zavedenia eura na Slovensku. Postupnosť krokov pri procese zavádzania eura v SR. Zákon č. 659/2007 Z.z. o zavedení meny euro v SR a o zmene niektorých zákonov (Generálny zákon). Základné úlohy finanč...

Descrizione completa

Salvato in:
Dettagli Bibliografici
Autore principale: Kiseľáková, Dana
Natura: Capitolo di libro
Lingua:slovacco
Soggetti:
Tags: Aggiungi Tag
Nessun Tag, puoi essere il primo ad aggiungerne!!

MARC

LEADER 00000naa$a2200000$$$4500
001 0075223
005 20230908095133.5
041 0 |a slo 
044 |a SK 
245 1 0 |a Úloha bankového a finančného sektora v procese zavedenia eura  |c Dana Kiseľáková 
520 |a Slovensko sa nachádza v intenzívnom procese prípravy na vstup do Eurozóny od 1. januára 2009. Proces zavedenia eura na Slovensku. Postupnosť krokov pri procese zavádzania eura v SR. Zákon č. 659/2007 Z.z. o zavedení meny euro v SR a o zmene niektorých zákonov (Generálny zákon). Základné úlohy finančného a bankového sektora v procese zavedenia eura. Inflačné riziká menovej konverzie. 
610 2 0 |a euro 
610 2 0 |a mena 
610 2 0 |a zákony 
610 2 0 |a banky 
610 2 0 |a ústavy finančné 
610 2 0 |a inflácia 
610 2 0 |a eurozóna 
610 2 0 |a Slovensko 
100 1 |a Kiseľáková, Dana